| 000 | 00362nam a22001457a 4500 | ||
|---|---|---|---|
| 020 | _qPB. | ||
| 040 | _cFIZZA ISHAQ | ||
| 082 |
_a004 _bNEL |
||
| 100 |
_aLEWIS, JOHN DALE NELL. _989207 |
||
| 245 |
_aCOMPUTER SCIENCE ILLUMINATED / _cNELL DALE JOHN LEWIS. |
||
| 250 | _a7th ED. | ||
| 260 |
_bJONES & BARTLETT, _c2020. |
||
| 300 | _a694 P. ; | ||
| 942 |
_2ddc _cBK |
||
| 999 |
_c588020 _d588020 |
||